000 00656nam a2200217Ii 4500
003 JO-AjNU
008 230605s9999||||xx |||||||||||||| ||und||
020 _a978-9957-39-032-7
040 _aJO-AjNU
_bara
_erda
_cJO-AjNU
041 _aara
050 1 4 _aPJ7940 2014
100 3 _aالغرايبة، بهاء,
_eauthor
_948046
245 0 0 _aدنيا: رواية
250 _aط1
264 3 1 _aعمان: الأهلية للنشر والتوزيع، 2014
300 _a167ص
336 _atext
_btxt
_2rdacontent
337 _aunmediated
_bn
_2rdamedia
338 _avolume
_bnc
_2rdacarrier
650 4 _aالأدب العربي - روايات
_948047
999 _aA21015
_c24583
_d24583